[Event "DVM U16 2007"]
[Site "Uelzen GER"]
[Date "2007.12.28"]
[Round "4"]
[White "Ohme, Markus"]
[Black "Ryvkin, Leonid"]
[Result "0-1"]
[Termination "normal"]
[Board "9.4"]
[WhiteElo "1239"]
[BlackElo "1231"]
[WhiteTeam "SC Leipzig-Gohlis"]
[BlackTeam "SG Bochum"]
[PlyCount "126"]
[EventCountry "GER"]
[EventRounds "7"]
[EventType "team-swiss"]
[EventDate "2007.12.26"]

1. e4 Nf6 2. Nc3 e5 3. Nf3 Nc6 4. Bc4 Nxe4 5. Nxe4 d5 6. Bd3 dxe4 7. Bxe4 Bd7
8. O-O Bd6 9. Re1 O-O 10. d3 Re8 11. Bg5 f6 12. Bd2 Re7 13. a3 a5 14. c3 Kh8
15. b4 axb4 16. cxb4 Rb8 17. Rc1 Qf8 18. Bc3 Nd8 19. d4 Nf7 20. dxe5 fxe5 21.
Nd2 b5 22. Qh5 Nh6 23. Nb3 Qf6 24. Bd2 Bg4 25. Qg5 Rf8 26. Qxf6 gxf6 27. Bxh6
Rd8 28. Bc6 Be6 29. Bxb5 Bxb3 30. Re3 Be6 31. Rf3 f5 32. Bd3 e4 33. Bxe4 fxe4
34. Re3 Bf5 35. Bg5 Kg7 36. Bxe7 Bxe7 37. h3 Rd7 38. Rec3 Bg5 39. Rg3 {(=)}
39... Kf6 40. Rc6+ Rd6 41. Rxc7 Rd1+ 42. Kh2 Bf4 43. Rcc3 Bxg3+ 44. Rxg3 Rf1
45. Rb3 Rxf2 46. b5 Bc8 47. a4 Bb7 48. Kg1 Ra2 49. Rc3 Rxa4 50. Rc7 Bd5 51.
Rxh7 Rb4 52. Rh6+ Kg5 53. Rb6 Bc4 54. Kf2 Rxb5 55. Rxb5+ Bxb5 56. Ke3 Bd3 57.
g3 Kf5 58. Kd4 {(=)} 58... Bf1 59. h4 Be2 60. Ke3 Bg4 61. Kd4 Bf3 62. Ke3 Ke5
63. Kf2 Kd4 0-1

[Event "DVM U16 2007"]
[Site "Uelzen GER"]
[Date "2007.12.28"]
[Round "4"]
[White "Neukötter, Max"]
[Black "Meier, Lars"]
[Result "0-1"]
[Termination "normal"]
[Board "10.1"]
[WhiteElo "1936"]
[BlackElo "1864"]
[WhiteTeam "SF Paderborn"]
[BlackTeam "SK Gründau"]
[PlyCount "122"]
[WhiteFideId "24648108"]
[BlackFideId "24602396"]
[EventCountry "GER"]
[EventRounds "7"]
[EventType "team-swiss"]
[EventDate "2007.12.26"]

1. e4 d5 2. exd5 Nf6 3. Bb5+ Bd7 4. Bc4 Bg4 5. f3 Bf5 6. Nc3 Nbd7 7. d4 Nb6 8.
Bb3 Nfxd5 9. Nge2 e6 10. h4 Be7 11. g3 Nxc3 12. bxc3 h6 13. Bf4 Nd5 14. Qd2 c6
15. Be5 f6 16. Bf4 Nxf4 17. Nxf4 e5 18. Nh5 Bf8 19. Qe2 Qc7 20. g4 Bg6 21. Nf4
Bf7 {(=)} 22. Nd3 Qa5 23. dxe5 Qxc3+ 24. Kf2 Bxb3 25. cxb3 O-O-O 26. Rhd1 fxe5
27. Rac1 Qa5 28. Nxe5 Rxd1 29. Rxd1 Bc5+ 30. Kf1 Re8 31. Nxc6 Rxe2 32. Nxa5
Rxa2 33. Nc4 Rf2+ 34. Ke1 Rxf3 35. Rd5 b6 36. Nd2 {(=)} 36... Rf4 37. g5 Rxh4
38. gxh6 Rxh6 39. Rg5 Bb4 40. Rxg7 Rh1+ 41. Ke2 Rh2+ 42. Kd3 Rxd2+ 43. Kc4 a5
44. Kb5 Bc5 45. Kc6 Rd6+ 46. Kb5 Rd7 47. Rg4 Kb7 48. Rg3 Re7 49. Rh3 Re4 50.
Rh7+ Be7 51. Rh4 Rb4+ 52. Rxb4 Bxb4 53. Ka4 Be1 54. Kb5 Bd2 55. Kc4 Kc6 56. Kd3
Bg5 57. Kc4 b5+ 58. Kc3 Bf6+ 59. Kc2 Kc5 60. Kb1 Kb4 61. Ka2 a4 0-1

[Event "DVM U16 2007"]
[Site "Uelzen GER"]
[Date "2007.12.28"]
[Round "4"]
[White "Tautz, Hendrik"]
[Black "Dorenkamp, Marc"]
[Result "0-1"]
[Termination "normal"]
[Board "10.2"]
[WhiteElo "1583"]
[BlackElo "2013"]
[WhiteTeam "SK Gründau"]
[BlackTeam "SF Paderborn"]
[PlyCount "82"]
[WhiteFideId "4677536"]
[BlackFideId "4647696"]
[EventCountry "GER"]
[EventRounds "7"]
[EventType "team-swiss"]
[EventDate "2007.12.26"]

1. e4 c5 2. Nf3 Nc6 3. d4 cxd4 4. c3 dxc3 5. Nxc3 d6 6. Bc4 Nf6 7. O-O g6 8.
Qe2 Bg7 9. Rd1 Qc7 10. Bg5 Nd7 11. Nb5 Qb8 12. Bf4 Nde5 13. Ng5 O-O 14. Rac1 a6
15. Nc3 h6 16. Nf3 Bg4 17. Nd5 b5 18. Bb3 Ra7 19. Be3 Rb7 20. a3 Kh7 21. h3 Na5
22. Ba2 Bxf3 23. gxf3 Nac4 24. Rc2 f5 25. Nb4 fxe4 26. fxe4 Nf3+ 27. Kg2 d5 28.
Rh1 d4 29. Bc1 Nh4+ 30. Kg1 Ne5 31. Nc6 Nef3+ 32. Kf1 Qd6 33. Bd5 e6 34. Na5
Rc7 35. Bb3 d3 36. Qd1 Rxc2 37. Bxc2 d2 38. Nb7 dxc1=Q 39. Nxd6 Qxd1+ 40. Bxd1
Rd8 41. Bxf3 Rxd6 0-1

[Event "DVM U16 2007"]
[Site "Uelzen GER"]
[Date "2007.12.28"]
[Round "4"]
[White "Georgi, Philip"]
[Black "Hahn, Florian"]
[Result "1/2-1/2"]
[Termination "normal"]
[Board "10.3"]
[WhiteElo "1762"]
[BlackElo "1501"]
[WhiteTeam "SF Paderborn"]
[BlackTeam "SK Gründau"]
[PlyCount "88"]
[WhiteFideId "4647750"]
[BlackFideId "24659720"]
[EventCountry "GER"]
[EventRounds "7"]
[EventType "team-swiss"]
[EventDate "2007.12.26"]

1. d4 Nf6 2. c4 e6 3. Nc3 Bb4 4. Bd2 d5 5. e3 O-O 6. Nf3 b6 7. cxd5 exd5 8. Be2
Bb7 9. O-O Nbd7 10. Rc1 Bxc3 11. Bxc3 Ne4 12. Bb5 a6 13. Ba4 b5 14. Bb3 Nxc3
15. Rxc3 Nf6 16. Bc2 Ne4 17. Bxe4 dxe4 18. Nd2 Qd5 19. a3 Rac8 20. Qc2 f5 21.
Rc1 c6 22. Qb3 Kh8 23. Rc5 Qg8 {(=)} 24. Re5 a5 25. Re7 Ba8 26. Qxg8+ Kxg8 27.
Nb3 a4 28. Nc5 Rf7 29. Re6 g6 30. h3 Kg7 31. Kf1 Kg8 32. Ke2 Kg7 33. Rg1 Rcf8
34. g3 Kg8 35. Rg2 Rf6 36. Re5 Rd6 37. g4 f4 38. Rg1 fxe3 39. fxe3 Rdf6 40.
Nxe4 Rf3 41. Rg3 Rf1 42. Rc5 Rb1 43. Rc2 Rff1 44. Nc5 Rh1 1/2-1/2

[Event "DVM U16 2007"]
[Site "Uelzen GER"]
[Date "2007.12.29"]
[Round "5"]
[White "Jorczik, Julian"]
[Black "Schätz, Christopher"]
[Result "1-0"]
[Termination "normal"]
[Board "1.1"]
[WhiteTitle "FM"]
[WhiteElo "2362"]
[BlackElo "1982"]
[WhiteTeam "SK München Südost"]
[BlackTeam "USG Chemnitz"]
[PlyCount "53"]
[WhiteFideId "24611719"]
[BlackFideId "24623997"]
[EventCountry "GER"]
[EventRounds "7"]
[EventType "team-swiss"]
[EventDate "2007.12.26"]

1. d4 Nf6 2. c4 e6 3. Nf3 Bb4+ 4. Nbd2 b6 5. a3 Bxd2+ 6. Qxd2 Bb7 7. g3 d6 8.
Bg2 Nbd7 9. O-O O-O 10. b4 Qe7 11. Bb2 Ne4 12. Qc2 f5 13. Ne1 a5 14. Nd3 Ra7
15. Rae1 axb4 16. axb4 c5 17. f3 Nef6 18. e4 fxe4 19. fxe4 cxd4 20. Bxd4 e5 21.
Bb2 Rc8 22. Qe2 Rxc4 23. Nxe5 Rxb4 24. Nxd7 Nxd7 25. Qd2 Raa4 26. e5 Bxg2 27.
exd6 1-0

[Event "DVM U16 2007"]
[Site "Uelzen GER"]
[Date "2007.12.29"]
[Round "5"]
[White "Oltmanns, Ingmar"]
[Black "Raykhman, Alexander"]
[Result "1/2-1/2"]
[Termination "normal"]
[Board "1.2"]
[WhiteElo "1929"]
[BlackElo "2073"]
[WhiteTeam "USG Chemnitz"]
[BlackTeam "SK München Südost"]
[PlyCount "58"]
[WhiteFideId "4613910"]
[BlackFideId "24637033"]
[EventCountry "GER"]
[EventRounds "7"]
[EventType "team-swiss"]
[EventDate "2007.12.26"]

1. c4 g6 2. Nc3 Bg7 3. e4 d6 4. d4 Nf6 5. Nf3 O-O 6. Be2 e5 7. Be3 Na6 8. dxe5
dxe5 9. Qxd8 Rxd8 10. Bg5 Re8 11. O-O-O c6 12. Rd6 Nh5 13. Rhd1 Nf4 14. Bf1 Bg4
15. Bxf4 exf4 16. h3 Bxf3 17. gxf3 Bxc3 18. bxc3 Nc5 19. h4 Kf8 20. Bh3 Ke7 21.
R6d4 f6 22. Kc2 Kf7 23. h5 Re5 24. Bg4 a5 25. Kb2 Kg7 26. R1d2 a4 27. Ka3 Rae8
28. hxg6 hxg6 29. Rd8 R8e7 1/2-1/2

[Event "DVM U16 2007"]
[Site "Uelzen GER"]
[Date "2007.12.29"]
[Round "5"]
[White "Höfelsauer, Thomas"]
[Black "Leschner, Marius"]
[Result "1-0"]
[Termination "normal"]
[Board "1.3"]
[WhiteElo "2019"]
[BlackElo "1756"]
[WhiteTeam "SK München Südost"]
[BlackTeam "USG Chemnitz"]
[PlyCount "117"]
[WhiteFideId "24668842"]
[BlackFideId "4613813"]
[EventCountry "GER"]
[EventRounds "7"]
[EventType "team-swiss"]
[EventDate "2007.12.26"]

1. c4 Nf6 2. Nc3 g6 3. g3 Bg7 4. Bg2 d6 5. e3 O-O 6. Nge2 e5 7. O-O Nc6 8. d4
Nd7 9. Rb1 f5 10. d5 Ne7 11. e4 Nf6 12. b4 fxe4 13. Nxe4 Nxe4 14. Bxe4 Bh3 15.
Bg2 Qd7 16. Bb2 Bxg2 17. Kxg2 Qg4 18. f4 g5 19. h3 Qf5 20. fxe5 Qe4+ 21. Kh2
Rxf1 22. Qxf1 Rf8 23. Qe1 Qxc4 24. exd6 cxd6 25. Bxg7 Kxg7 26. Nd4 Qxd4 27.
Qxe7+ Kg8 28. Qxg5+ Kh8 29. h4 Qf2+ 30. Kh3 Qxa2 31. Rc1 Qf2 32. Qg4 Qf6 33.
Qe6 Qf5+ 34. Qxf5 Rxf5 35. Rc7 Rxd5 36. Rxb7 a5 37. bxa5 Rxa5 38. Rd7 Rd5 39.
Kg4 Rd4+ 40. Kh5 Rd3 41. g4 Rd4 42. Kg5 h6+ 43. Kh5 Kg8 44. Re7 d5 45. Re6 Kg7
46. Rg6+ Kf7 47. Rxh6 Re4 48. Kg5 Re5+ 49. Kf4 Re4+ 50. Kf5 Kg7 51. Rd6 Rd4 52.
Rd7+ Kf8 53. h5 Rd1 54. h6 Rh1 55. Kg6 Rg1 56. g5 Ke8 57. Ra7 d4 58. h7 Rh1 59.
h8=Q+ 1-0

[Event "DVM U16 2007"]
[Site "Uelzen GER"]
[Date "2007.12.29"]
[Round "5"]
[White "Le Minh, Viet"]
[Black "Collmer, Dominik"]
[Result "1-0"]
[Termination "normal"]
[Board "1.4"]
[WhiteElo "1627"]
[BlackElo "1714"]
[WhiteTeam "USG Chemnitz"]
[BlackTeam "SK München Südost"]
[PlyCount "105"]
[BlackFideId "4620763"]
[EventCountry "GER"]
[EventRounds "7"]
[EventType "team-swiss"]
[EventDate "2007.12.26"]

1. e4 c5 2. Nf3 Nc6 3. d4 cxd4 4. Nxd4 Nf6 5. Nc3 d6 6. Be2 e5 7. Ndb5 a6 8.
Na3 b5 9. Nd5 Be7 10. Be3 Nxd5 11. exd5 Nb8 12. c4 bxc4 13. Nxc4 Nd7 14. O-O
O-O 15. Rc1 f5 16. f3 f4 17. Bf2 Rf6 18. Re1 Rh6 19. Bf1 a5 20. Qb3 Nf6 21. Nb6
Rb8 22. Rxc8 Rxc8 23. Nxc8 Qxc8 24. Qc4 Qb7 25. Qb5 Qxb5 26. Bxb5 Bd8 27. Rc1
Kf8 28. Rc8 Ke7 29. Bc6 g5 30. h3 Rg6 31. Rb8 h5 32. Rb7+ Kf8 33. b4 axb4 34.
Rxb4 g4 35. hxg4 hxg4 36. Kf1 gxf3 37. gxf3 Rh6 38. Kg2 Rg6+ 39. Kf1 Rh6 40. a4
Nh5 41. Rb8 Ke7 42. Rxd8 Kxd8 43. a5 e4 44. a6 e3 45. a7 Ng3+ 46. Bxg3 Rh1+ 47.
Kg2 Ra1 48. Bh4+ Kc7 49. a8=Q Rxa8 50. Bxa8 Kb6 51. Bg5 Kc5 52. Bxf4 Kd4 53.
Kf1 1-0

[Event "DVM U16 2007"]
[Site "Uelzen GER"]
[Date "2007.12.29"]
[Round "5"]
[White "Tschlatscher, Thomas"]
[Black "Seyb, Alexander"]
[Result "0-1"]
[Termination "normal"]
[Board "2.1"]
[WhiteElo "1986"]
[BlackElo "2235"]
[WhiteTeam "Heilbronner SV"]
[BlackTeam "FSV Großenseebach"]
[PlyCount "102"]
[WhiteFideId "24635863"]
[BlackFideId "4699033"]
[EventCountry "GER"]
[EventRounds "7"]
[EventType "team-swiss"]
[EventDate "2007.12.26"]

1. Nf3 Nf6 2. c4 e6 3. Nc3 c5 4. d4 cxd4 5. Nxd4 a6 6. e4 Qc7 7. Be3 d6 8. Be2
Be7 9. f3 Nbd7 10. O-O b6 11. Rc1 Bb7 12. Kh1 O-O 13. b3 Rac8 14. Qc2 Qb8 15.
Qb2 Bd8 16. g4 Qa8 17. g5 Nh5 18. Bd1 g6 19. Qg2 Nc5 20. Be2 e5 21. Nc2 Ne6 22.
Rcd1 Nhf4 23. Bxf4 Nxf4 24. Qf2 Bxg5 25. Na4 Bd8 26. Rxd6 f5 27. exf5 Nxe2 28.
Qxe2 Rxf5 29. Ne1 Rc6 30. c5 Rxd6 31. cxd6 e4 32. f4 b5 33. Nb2 Qb8 34. Ng2
Qxd6 35. Rd1 Rd5 36. Rxd5 Qxd5 37. Ne3 Qd4 38. Nbd1 Bc7 39. f5 gxf5 40. Nxf5
e3+ 41. Kg1 Qe4 42. Ndxe3 Qh1+ 43. Kf2 Qxh2+ 44. Ke1 Ba5+ 45. Kf1 Qh3+ 46. Kf2
Bb6 47. Ke1 Qh1+ 48. Kd2 Ba5+ 49. Kc2 Be4+ 50. Kb2 Qb1+ 51. Ka3 Qc1+ 0-1

[Event "DVM U16 2007"]
[Site "Uelzen GER"]
[Date "2007.12.29"]
[Round "5"]
[White "Linsenmeyer, Mario"]
[Black "Häusinger, Benjamin"]
[Result "1/2-1/2"]
[Termination "normal"]
[Board "2.2"]
[WhiteElo "2097"]
[BlackElo "1812"]
[WhiteTeam "FSV Großenseebach"]
[BlackTeam "Heilbronner SV"]
[PlyCount "69"]
[WhiteFideId "24635138"]
[BlackFideId "24659576"]
[EventCountry "GER"]
[EventRounds "7"]
[EventType "team-swiss"]
[EventDate "2007.12.26"]

1. e4 c6 2. d4 d5 3. Nc3 dxe4 4. Nxe4 Bf5 5. Nc5 Qc7 6. Bd3 Bxd3 7. Nxd3 e6 8.
Nf3 Nd7 9. O-O Bd6 10. Qe2 Ne7 11. Re1 O-O 12. Nfe5 Nf5 13. c3 Rfe8 14. Qf3 f6
15. Nxd7 Qxd7 16. Bf4 Bxf4 17. Nxf4 Re7 18. Re2 Rae8 19. Rae1 e5 20. dxe5 Rxe5
21. Rxe5 Rxe5 22. Rxe5 fxe5 23. Nd3 Nh4 24. Qe4 Ng6 25. f3 Qd5 26. a4 Qxe4 27.
fxe4 b6 28. Nb4 Ne7 29. Nd3 Ng6 30. Kf2 Kf7 31. Ke3 Ke6 32. b4 Ne7 33. Nb2 Nc8
34. Nc4 Nd6 35. Nxd6 1/2-1/2

[Event "DVM U16 2007"]
[Site "Uelzen GER"]
[Date "2007.12.29"]
[Round "5"]
[White "Pogan, Nikolas"]
[Black "Kirch, Florian"]
[Result "0-1"]
[Termination "normal"]
[Board "2.3"]
[WhiteElo "1992"]
[BlackElo "1976"]
[WhiteTeam "Heilbronner SV"]
[BlackTeam "FSV Großenseebach"]
[PlyCount "118"]
[WhiteFideId "24673579"]
[BlackFideId "24605794"]
[EventCountry "GER"]
[EventRounds "7"]
[EventType "team-swiss"]
[EventDate "2007.12.26"]

1. e4 Nf6 2. e5 Nd5 3. d4 d6 4. Nf3 Nc6 5. c4 Nb6 6. e6 fxe6 7. Ng5 e5 8. d5
Nd4 9. f4 e6 10. Nc3 exd5 11. cxd5 Qe7 12. Nge4 g6 13. Bd3 Bg7 14. O-O O-O 15.
Ng5 Bh6 16. h4 Nf5 17. h5 exf4 18. Ne6 Bxe6 19. dxe6 Ne3 20. Bxe3 fxe3 21. Qg4
g5 22. Qe4 Rf4 23. Qxe3 Re8 24. Bf5 a6 25. g3 Rxf1+ 26. Rxf1 Nc4 27. Qe2 Ne5
28. Ne4 Bg7 29. b3 d5 30. Nf2 Qc5 31. Kg2 d4 32. Kh3 Qd6 33. Ne4 Qe7 34. g4 Rd8
35. Qd2 d3 36. Nxg5 Bh6 37. Bxh7+ Qxh7 38. Nxh7 Bxd2 39. Nf6+ Kf8 40. Nd7+ Ke7
41. Nxe5 Kxe6 42. Nc4 Bc3 43. Ne3 Bd4 44. Ng2 d2 45. Rd1 Bc3 46. Kg3 Ke5 47.
Nf4 Ke4 48. Ne6 Rd3+ 49. Kf2 Rf3+ 50. Ke2 Re3+ 51. Kf2 Re1 52. Ng5+ Kd3 53.
Rxd2+ Bxd2 54. Nf3 Re2+ 55. Kg3 Ke4 56. Ng1 Bf4+ 57. Kh4 Rh2+ 58. Nh3 Kf3 59.
g5 Bg3# 0-1

[Event "DVM U16 2007"]
[Site "Uelzen GER"]
[Date "2007.12.29"]
[Round "5"]
[White "Quaschner, Tobias"]
[Black "Pogan, Sebastian"]
[Result "1-0"]
[Termination "normal"]
[Board "2.4"]
[WhiteElo "1956"]
[BlackElo "1869"]
[WhiteTeam "FSV Großenseebach"]
[BlackTeam "Heilbronner SV"]
[PlyCount "39"]
[WhiteFideId "24646989"]
[BlackFideId "24673587"]
[EventCountry "GER"]
[EventRounds "7"]
[EventType "team-swiss"]
[EventDate "2007.12.26"]

1. e4 c5 2. Nf3 d6 3. d4 cxd4 4. Nxd4 Nf6 5. Nc3 g6 6. f4 Bg7 7. e5 dxe5 8.
fxe5 Ng4 9. Bb5+ Kf8 10. Ne6+ fxe6 11. Qxd8+ Kf7 12. O-O+ Nf6 13. Qd1 a6 14.
exf6 exf6 15. Ba4 b5 16. Bb3 h5 17. Ne4 Bd7 18. Bf4 h4 19. Bxb8 Bc6 20. Qd6 1-0

[Event "DVM U16 2007"]
[Site "Uelzen GER"]
[Date "2007.12.29"]
[Round "5"]
[White "Seemann, Semjon"]
[Black "Colpe, Malte"]
[Result "0-1"]
[Termination "normal"]
[Board "3.2"]
[WhiteElo "2045"]
[BlackElo "2020"]
[WhiteTeam "Post SV Uelzen"]
[BlackTeam "Hamburger SK"]
[PlyCount "62"]
[WhiteFideId "24624080"]
[BlackFideId "24623075"]
[EventCountry "GER"]
[EventRounds "7"]
[EventType "team-swiss"]
[EventDate "2007.12.26"]

1. e4 c5 2. Nf3 d6 3. d4 cxd4 4. Nxd4 Nf6 5. Nc3 a6 6. Rg1 Nc6 7. g4 Nxd4 8.
Qxd4 Nxg4 9. Nd5 Nf6 10. Nxf6+ gxf6 11. Bd2 Bd7 12. O-O-O Qc7 13. Rg3 Rc8 14.
Rc3 Qd8 15. f4 Rxc3 16. Qxc3 Rg8 17. e5 fxe5 18. fxe5 Bg4 19. Re1 d5 20. Qd3
Rg6 21. h3 Be6 22. Be2 Bh6 23. Bh5 Bxd2+ 24. Qxd2 Rg3 25. Qf4 Rxh3 26. Qh6 Kd7
27. Rf1 Qa5 28. Kb1 d4 29. a3 Qxe5 30. Qf8 Rxh5 31. Qa8 Kc7 0-1

[Event "DVM U16 2007"]
[Site "Uelzen GER"]
[Date "2007.12.29"]
[Round "5"]
[White "Ma, Beini"]
[Black "Kaphle, Sebastian"]
[Result "0-1"]
[Termination "normal"]
[Board "3.3"]
[WhiteElo "1953"]
[BlackElo "2086"]
[WhiteTeam "Hamburger SK"]
[BlackTeam "Post SV Uelzen"]
[PlyCount "110"]
[WhiteFideId "24630101"]
[BlackFideId "24626708"]
[EventCountry "GER"]
[EventRounds "7"]
[EventType "team-swiss"]
[EventDate "2007.12.26"]

1. e4 c5 2. Nf3 e6 3. d4 cxd4 4. Nxd4 Nf6 5. Nc3 Nc6 6. Ndb5 Bb4 7. Bf4 Nxe4 8.
Qf3 d5 9. Nc7+ Kf8 10. O-O-O Nxc3 11. bxc3 Ba3+ 12. Kb1 e5 13. c4 Be7 14. Nxa8
exf4 15. Qxd5 Be6 16. Qxd8+ Bxd8 17. Rd3 Ke7 18. Rb3 b6 19. g3 Na5 20. Ra3 Kd7
21. Bg2 Be7 22. Rd3+ Kc8 23. Re1 fxg3 24. hxg3 Bc5 25. Red1 Nb7 26. Bd5 Bxd5
27. Rxd5 Rd8 28. Re1 Rxd5 29. cxd5 Kd7 30. Re2 Nd6 31. Kb2 h5 32. c3 g6 33. a4
Kc8 34. a5 Kb7 35. Nxb6 axb6 36. axb6 Kxb6 37. Kb3 Kc7 38. f3 Kd7 39. Ka4 Kd8
40. Kb3 Kd7 41. Ra2 f5 42. Re2 g5 43. Kc2 g4 44. fxg4 hxg4 45. Kd3 Bb6 46. Rb2
Bc7 47. Rf2 Ke7 48. Re2+ Kf6 49. Re6+ Kg5 50. Re7 Bb6 51. Rg7+ Kf6 52. Rh7 Bf2
53. Rh6+ Ke7 54. Rh7+ Kd8 55. Rh8+ Kc7 0-1

[Event "DVM U16 2007"]
[Site "Uelzen GER"]
[Date "2007.12.29"]
[Round "5"]
[White "Günnigmann, Manuel"]
[Black "Daedrich, Timo"]
[Result "1-0"]
[Termination "normal"]
[Board "3.4"]
[WhiteElo "1945"]
[BlackElo "1432"]
[WhiteTeam "Post SV Uelzen"]
[BlackTeam "Hamburger SK"]
[PlyCount "105"]
[WhiteFideId "24640360"]
[EventCountry "GER"]
[EventRounds "7"]
[EventType "team-swiss"]
[EventDate "2007.12.26"]

1. e4 c5 2. Nf3 d6 3. d4 cxd4 4. Nxd4 Nf6 5. Nc3 g6 6. Be3 Bg7 7. Bc4 O-O 8. f3
Nc6 9. Qd2 Bd7 10. O-O-O Ne5 11. Bb3 a5 12. a4 Nc6 13. Ndb5 Nb4 14. h4 Bxb5 15.
Nxb5 Rc8 16. h5 d5 17. hxg6 fxg6 18. Bh6 Rf7 19. Bxg7 Rxg7 20. exd5 Kh8 21. Kb1
Ne8 22. Nd4 Nc7 23. Ne6 Nxe6 24. dxe6 Qxd2 25. Rxd2 Na6 26. Bd5 Rd8 27. Rhd1
Nc5 28. b3 b6 29. Bc4 Rxd2 30. Rxd2 Rg8 31. Rd4 g5 32. c3 Kg7 33. b4 axb4 34.
cxb4 Nxa4 35. Rd7 Kf6 36. Ra7 b5 37. Bb3 Rb8 38. Kc2 Nb6 39. Kc3 Nc8 40. Rc7
Nd6 41. Kd4 Nf5+ 42. Ke4 Rb6 43. Rc5 Nd6+ 44. Kd5 Nb7 45. Rc6 Rxc6 46. Kxc6 Nd6
47. Bc2 Kxe6 48. Bxh7 Ke5 49. Bd3 Kd4 50. Bxb5 Nxb5 51. Kxb5 e5 52. Kc6 g4 53.
b5 1-0

[Event "DVM U16 2007"]
[Site "Uelzen GER"]
[Date "2007.12.29"]
[Round "5"]
[White "Zelbel, Patrick"]
[Black "Lichmann, Peter"]
[Result "0-1"]
[Termination "normal"]
[Board "4.1"]
[WhiteElo "2227"]
[BlackElo "2324"]
[WhiteTeam "SF Brackel"]
[BlackTeam "SV Werder Bremen"]
[PlyCount "106"]
[WhiteFideId "24624322"]
[BlackFideId "14111268"]
[EventCountry "GER"]
[EventRounds "7"]
[EventType "team-swiss"]
[EventDate "2007.12.26"]

1. e4 c5 2. c3 d6 3. d4 Qc7 4. h3 Nf6 5. Bd3 g6 6. Nf3 Nbd7 7. O-O Bg7 8. Qe2
e5 9. dxe5 dxe5 10. Bb5 O-O 11. Bxd7 Bxd7 12. c4 Rae8 13. Bg5 Nh5 14. Nc3 f6
15. Be3 f5 16. exf5 Nf4 17. Qd2 Rxf5 18. Bxf4 exf4 19. Nd5 Qd8 20. Rfe1 Be6 21.
Rad1 Bxd5 22. cxd5 Rxe1+ 23. Qxe1 Bd4 24. Qe6+ Kh8 25. Re1 Qxd5 26. Qxd5 Rxd5
27. Re8+ Kg7 28. Re7+ Kf6 29. Rxb7 h5 30. h4 Kf5 31. Kf1 Bf6 32. Ke2 c4 33. Rb4
Rc5 34. Nd2 c3 35. bxc3 Ra5 36. a4 Bxc3 37. Rc4 Re5+ 38. Kd3 Ba5 39. Nf3 Rd5+
40. Rd4 Rc5 41. Nd2 Rc3+ 42. Ke2 Ke5 43. Rd3 Rxd3 44. Kxd3 Bxd2 45. Kxd2 Kd4
46. Ke2 Ke4 47. a5 a6 48. Kd2 f3 49. gxf3+ Kxf3 50. Kd3 Kg4 51. Ke4 Kxh4 52.
Kf4 Kh3 53. Kg5 h4 0-1

[Event "DVM U16 2007"]
[Site "Uelzen GER"]
[Date "2007.12.29"]
[Round "5"]
[White "Bart, Simon"]
[Black "Strathoff, Jens"]
[Result "1-0"]
[Termination "normal"]
[Board "4.2"]
[WhiteElo "1951"]
[BlackElo "2031"]
[WhiteTeam "SV Werder Bremen"]
[BlackTeam "SF Brackel"]
[PlyCount "143"]
[WhiteFideId "24637327"]
[BlackFideId "4699084"]
[EventCountry "GER"]
[EventRounds "7"]
[EventType "team-swiss"]
[EventDate "2007.12.26"]

1. e4 e5 2. Nf3 Nc6 3. Bc4 Bc5 4. O-O d6 5. h3 Be6 6. Bxe6 fxe6 7. c3 Nf6 8. d4
exd4 9. cxd4 Bb6 10. Bg5 O-O 11. Nc3 Qe8 12. d5 exd5 13. Bxf6 Rxf6 14. Nxd5 Rf8
15. Ng5 Kh8 16. Qd3 Qg6 17. Nxb6 axb6 18. Nf3 Rf4 19. Rfe1 Raf8 20. Re3 Re8 21.
Rae1 Rf7 22. Nh4 Qf6 23. Rf3 Qxh4 24. Rxf7 Ne5 25. Qb3 Nxf7 26. Qxf7 Qd8 27.
Re3 Re7 28. Qd5 c6 29. Qd4 b5 30. Rd3 Re6 31. Ra3 Kg8 32. f4 Qe7 33. Re3 Kf7
34. g3 Ke8 35. Kg2 Kd7 36. Kf3 Kc7 37. Rc3 Rh6 38. Kg2 Re6 39. Re3 Qf7 40. Kf3
Qh5+ 41. Kg2 Qf7 42. Rf3 Re7 43. Rd3 Qe6 44. Kf3 d5 45. e5 Qxh3 46. Qc5 Rd7 47.
Rd2 h5 48. Qb4 Qg4+ 49. Kf2 h4 50. gxh4 Qxh4+ 51. Ke2 b6 52. Qd4 Qg4+ 53. Ke1
c5 54. Qe3 Qf5 55. Kd1 d4 56. Qf3 g5 57. Qa8 gxf4 58. Qa7+ Kc6 59. Qa8+ Rb7 60.
Qe8+ Kd5 61. Qd8+ Qd7 62. Qg8+ Qf7 63. Qd8+ Ke6 64. Qd6+ Kf5 65. Rh2 Re7 66.
Qh6 Rxe5 67. Rh5+ Ke4 68. Qc6+ Qd5 69. Qg6+ Ke3 70. Qg1+ Ke4 71. Qe1+ Kd3 72.
Qd2+ 1-0

[Event "DVM U16 2007"]
[Site "Uelzen GER"]
[Date "2007.12.29"]
[Round "5"]
[White "Kartsev, Alexandr"]
[Black "Jebtchouk, Dimitrij"]
[Result "1-0"]
[Termination "normal"]
[Board "4.3"]
[WhiteElo "1989"]
[BlackElo "1609"]
[WhiteTeam "SF Brackel"]
[BlackTeam "SV Werder Bremen"]
[PlyCount "51"]
[WhiteFideId "24647110"]
[EventCountry "GER"]
[EventRounds "7"]
[EventType "team-swiss"]
[EventDate "2007.12.26"]

1. d4 d5 2. Nf3 Nf6 3. Bg5 Bf5 4. e3 e6 5. c4 c6 6. Nc3 Be7 7. cxd5 Nxd5 8.
Bxe7 Qxe7 9. Bd3 Bxd3 10. Qxd3 Nd7 11. O-O O-O 12. a3 a5 13. Rfc1 N7f6 14. Na4
Rac8 15. Rc2 Rc7 16. Rac1 Rfc8 17. Ne5 Nd7 18. Nxd7 Qxd7 19. e4 Nf6 20. Nb6 Qd8
21. Nxc8 Rxc8 22. b4 axb4 23. axb4 Qb6 24. b5 Rd8 25. bxc6 Rxd4 26. Qxd4 1-0

[Event "DVM U16 2007"]
[Site "Uelzen GER"]
[Date "2007.12.29"]
[Round "5"]
[White "Sasse, Fabius"]
[Black "Haidar, Marcel"]
[Result "1-0"]
[Termination "normal"]
[Board "4.4"]
[WhiteElo "1463"]
[BlackElo "1599"]
[WhiteTeam "SV Werder Bremen"]
[BlackTeam "SF Brackel"]
[PlyCount "87"]
[WhiteFideId "24659657"]
[EventCountry "GER"]
[EventRounds "7"]
[EventType "team-swiss"]
[EventDate "2007.12.26"]

1. e4 e5 2. Nf3 Nc6 3. Bc4 Nf6 4. d3 Bc5 5. Nc3 h6 6. Be3 Bb6 7. O-O d6 8. h3
O-O 9. Qd2 Bxe3 10. fxe3 Na5 11. Bb3 Re8 12. Rfe1 Nxb3 13. axb3 d5 14. exd5
Nxd5 15. Nxd5 Qxd5 16. Qc3 e4 17. dxe4 Qxe4 18. Ra4 Qe7 19. Ra5 Be6 20. Nd4 c6
21. b4 a6 22. Re5 Qd6 23. Qc5 Rad8 24. Qxd6 Rxd6 25. c4 f6 26. Re4 Kf7 27. Nxe6
Rexe6 28. Rxe6 Kxe6 29. Kf2 Rd3 30. b5 axb5 31. cxb5 Rd2+ 32. Re2 Rxe2+ 33.
Kxe2 cxb5 34. e4 Kd6 35. b4 Ke5 36. Ke3 h5 37. h4 g6 38. g3 g5 39. g4 hxg4 40.
h5 f5 41. h6 f4+ 42. Kf2 g3+ 43. Kg2 g4 44. h7 1-0

[Event "DVM U16 2007"]
[Site "Uelzen GER"]
[Date "2007.12.29"]
[Round "5"]
[White "Stitterich, Nadine"]
[Black "Grzonka, Raphael"]
[Result "1-0"]
[Termination "normal"]
[Board "5.1"]
[WhiteElo "1745"]
[BlackElo "1827"]
[WhiteTeam "SV Stuttgart-Wolfbusch"]
[BlackTeam "Brackweder SK"]
[PlyCount "69"]
[WhiteFideId "24676527"]
[BlackFideId "4623304"]
[EventCountry "GER"]
[EventRounds "7"]
[EventType "team-swiss"]
[EventDate "2007.12.26"]

1. e4 c5 2. Nf3 d6 3. d4 cxd4 4. Nxd4 Nf6 5. Nc3 a6 6. h3 e5 7. Nf3 Be7 8. a3
Be6 9. Be3 b5 10. Be2 h6 11. O-O Nbd7 12. Nd2 Nb6 13. f4 Rc8 14. Qe1 Nc4 15.
Nxc4 Bxc4 16. Bd3 Qc7 17. Qg3 Bxd3 18. cxd3 Rg8 19. Qf3 Qd7 20. Rad1 a5 21.
fxe5 dxe5 22. d4 exd4 23. Bxd4 Qe6 24. e5 Nd7 25. Nxb5 Rf8 26. Rfe1 Kd8 27. Kh1
Qc6 28. Qd3 Rb8 29. Na7 Qe6 30. Qc3 Ke8 31. Nc8 Bd8 32. Nd6+ Ke7 33. Bc5 Nxc5
34. Qxc5 Bb6 35. Nf5+ 1-0